| 000 | 00612nam a22002537a 4500 | ||
|---|---|---|---|
| 020 | _a9875170097 | ||
| 080 | _a347.27 G 565 | ||
| 100 | _aGoldenberg, Alicia E.- | ||
| 245 | _aEjecuciòn Hipotecaria | ||
| 260 |
_aBuenos Aires _bLa Rocca _c1999 |
||
| 300 | _a304 P. | ||
| 650 | _xderecho procesal civil | ||
| 650 | _xejecuciòn hipotecaria | ||
| 650 | _xmodelos | ||
| 650 | _xhipoteca | ||
| 650 | _xejecuciòn notarial | ||
| 650 | _xsubasta | ||
| 650 | _xmediaciòn | ||
| 650 | _xley 24441 | ||
| 650 | _xfideicomiso en garantìa | ||
| 650 | _xleasing | ||
| 945 |
_acd _d2015-06-08 |
||
| 999 |
_c3995 _d234499 |
||
| 942 | _6_ | ||